Analysis, design, and investigation of a soft-switched buck converter with high efficiency / (Record no. 19437)
[ view plain ]
| 000 -LEADER | |
|---|---|
| fixed length control field | 01017nam a22002297a 4500 |
| 003 - CONTROL NUMBER IDENTIFIER | |
| control field | OSt |
| 005 - DATE AND TIME OF LATEST TRANSACTION | |
| control field | 20250917091119.0 |
| 008 - FIXED-LENGTH DATA ELEMENTS--GENERAL INFORMATION | |
| fixed length control field | 240228b ||||| |||| 00| 0 eng d |
| 040 ## - CATALOGING SOURCE | |
| Transcribing agency | 0 |
| 082 ## - DEWEY DECIMAL CLASSIFICATION NUMBER | |
| Classification number | DPer 621.317 Ie21 June 2022 v. 37 n. 6 |
| 100 ## - MAIN ENTRY--PERSONAL NAME | |
| Personal name | Talebian, Iman. |
| Relator term | author. |
| 9 (RLIN) | 53688 |
| 245 ## - TITLE STATEMENT | |
| Title | Analysis, design, and investigation of a soft-switched buck converter with high efficiency / |
| Statement of responsibility, etc. | Iman Talebian, Peyman Alavi, Vafa Marzang, Ebrahim Babaei, and Arash Khoshkbar-Sadigh. |
| 260 ## - PUBLICATION, DISTRIBUTION, ETC. (IMPRINT) | |
| Place of publication, distribution, etc. | New York ; |
| Name of publisher, distributor, etc. | The Institute of Electrical and Electronics Engineers, Inc. , |
| Date of publication, distribution, etc. | June 2022. |
| 300 ## - PHYSICAL DESCRIPTION | |
| Extent | Volume 37, pages 6899-6912 : |
| Other physical details | illustration ; |
| Dimensions | 29 cm. |
| 500 ## - GENERAL NOTE | |
| General note | IEEE Transactions on Power Electronics, vol. 37, no. 6, pages 6899-6912, June 2022. |
| 700 ## - ADDED ENTRY--PERSONAL NAME | |
| Personal name | Talebian, Iman. |
| Relator term | author. |
| 9 (RLIN) | 53688 |
| 700 ## - ADDED ENTRY--PERSONAL NAME | |
| Personal name | Alavi, Peyman. |
| Relator term | author. |
| 9 (RLIN) | 53689 |
| 700 ## - ADDED ENTRY--PERSONAL NAME | |
| Personal name | Marzang, Vafa. |
| Relator term | author. |
| 9 (RLIN) | 53690 |
| 700 ## - ADDED ENTRY--PERSONAL NAME | |
| Personal name | Babaei, Ebrahim. |
| Relator term | author. |
| 9 (RLIN) | 53691 |
| 700 ## - ADDED ENTRY--PERSONAL NAME | |
| Personal name | Khoshkbar-Sadigh, Arash. |
| Relator term | author. |
| 9 (RLIN) | 53692 |
| 942 ## - ADDED ENTRY ELEMENTS (KOHA) | |
| Source of classification or shelving scheme | Dewey Decimal Classification |
| Koha item type | Periodicals |
| Withdrawn status | Lost status | Source of classification or shelving scheme | Damaged status | Not for loan | Collection code | Home library | Current library | Date acquired | Total Checkouts | Full call number | Date last seen | Price effective from | Koha item type | Public note |
|---|---|---|---|---|---|---|---|---|---|---|---|---|---|---|
| Dewey Decimal Classification | Periodicals | UM Digos College - LIC | UM Digos College - LIC | 02/28/2024 | DPer 621.317 Ie21 June 2022 v.37 n. 6 | 02/28/2024 | 02/28/2024 | Periodicals | Periodical Article |
